Využitie počítačovej podpory v procese stanovenia optimálnej zaisťovacej ochrany
Gespeichert in:
| 1. Verfasser: | |
|---|---|
| Format: | Buchkapitel |
| Sprache: | Slowakisch |
| Schlagworte: | |
| Tags: |
Keine Tags, Fügen Sie das erste Tag hinzu!
|
MARC
| LEADER | 00000naa$a2200000$$$4500 | ||
|---|---|---|---|
| 001 | 0078975 | ||
| 005 | 20240502071914.7 | ||
| 041 | 0 | |a slo | |
| 044 | |a SK | ||
| 245 | 1 | 0 | |a Využitie počítačovej podpory v procese stanovenia optimálnej zaisťovacej ochrany |c František Slaninka |
| 500 | |a Abstrakt | ||
| 610 | 2 | 0 | |a počítače |
| 610 | 2 | 0 | |a poisťovne |
| 610 | 2 | 0 | |a poistenie |
| 610 | 2 | 0 | |a zaistenie |
| 610 | 2 | 0 | |a škody |
| 610 | 2 | 0 | |a riziko |
| 100 | 1 | |a Slaninka, František, 1973- | |